Dynamika pohonu lokomotívy s asynchronními trakčními motory 85E0

Bibliographic Details
Main Authors: Tuček, Aleš (Author), Kraus, Václav (Author), Friedl, Jaromír (Author)
Format: Article
Language:Czech
Slovak
PhysicalDescription:Grafy 4., lit. 5 zázn. v češ.
Subjects:

MARC

LEADER 00000nab a2200000 a 4500
001 vtls000416064
003 SK-MaSNL
005 20260302234755.0
008 160204c1989 xo 0 cze
015 |a SNBRA19rr/mm-uuuuu 
035 |a CL0416189 
040 |a SNKBUCL  |b slo  |c SNKBUCL  |e AACR2 
041 0 |a slo 
044 |a xo  |c SK 
080 |a 629.423.3.03:531.3:621.333  |2 1981 
080 |a 531.3  |2 1981 
080 |a 621.333  |2 1981 
100 1 |a Tuček, Aleš  |4 aut  |9 809679 
245 1 0 |a Dynamika pohonu lokomotívy s asynchronními trakčními motory 85E0  |c Aleš Tuček, Václav Kraus, Jaromír Friedl 
300 |b Grafy 4., lit. 5 zázn. v češ. 
650 0 7 |a elektrické lokomotívy  |2 snkbucl  |9 74745 
650 0 7 |a motory trakčné asynchrónne  |2 snkbucl  |9 956876 
650 0 7 |a dynamika  |2 snkbucl  |9 3623 
655 7 |a články zo zborníkov  |2 snkbucl  |9 166140 
700 1 |a Kraus, Václav  |4 aut  |9 364512 
700 1 |a Friedl, Jaromír  |4 aut  |9 970541 
773 0 |t Súčasné problémy v koľajových vozidlách  |d Žilina : Dom techniky ČSVTS, 1989  |g S. 162-166 
850 |a Slovenská národná knižnica v Martine  |a MTA001 
852 |a SNK  |b KIS3GCP 
958 |a NB 
958 |a RK 
958 |a CZ 
992 |a RZB 
999 |c 1551905  |d 1553835